000 01088nam a22002897a 4500
003 OSt
005 20250801130034.0
008 250716b |||||||| |||| 00| 0 eng d
020 _a9783031255106 (Hardcover)
040 _aNUST
_beng
_cNUST
_dNUST
_erda
050 _aQC611 HAM
100 _aChihiro, Hamaguchi
_eAuthor
245 _aBasic Semiconductor Physics /
_cChihiro Hamaguchi.
250 _aFourth edition.
260 _aSwitzerland ;
_bSpringer,
_c©2023.
300 _axv, 785 pages :
_bIllustrations ;
_c26 cm.
336 _2rdamedia
_atext
_btxt
337 _2rdamedia
_aunmediated
_bn
338 _2rdamedia
_avolume
_bnc
440 _aGraduate texts in physics
504 _aIncludes bibliographical references and index.
650 _vScience Physics Electricity and electronics Electrodynamics.
650 _vTECHNOLOGY and ENGINEERING General.
650 _vTECHNOLOGY and ENGINEERING Materials Science Electronic Materials.
650 _vTECHNOLOGY and ENGINEERING Electronics General.
942 _2lcc
_cBOOKS
_hQC611 HAM
_kQC
_mHAM
_n0
999 _c172264
_d172264